Uživatelské testování www stránek a testování oční kamerou
Porovnanie možných prínosov, ale aj obmedzení používateľského testovania webov a stále viac využívaného testovania očnou kamerou.
Uložené v:
| Hlavný autor: | |
|---|---|
| Ďalší autori: | |
| Médium: | Kapitola |
| Jazyk: | Czech |
| Predmet: | |
| Tagy: |
Žiadne tagy, Buďte prvý, kto otaguje tento záznam!
|
MARC
| LEADER | 00000naa a2200000 4500 | ||
|---|---|---|---|
| 001 | 0226276 | ||
| 005 | 20231115071132.8 | ||
| 041 | 0 | |a cze | |
| 044 | |a CZ | ||
| 245 | 1 | 0 | |a Uživatelské testování www stránek a testování oční kamerou |c Tereza Formánková, Ludvík Eger |
| 520 | |a Porovnanie možných prínosov, ale aj obmedzení používateľského testovania webov a stále viac využívaného testovania očnou kamerou. | ||
| 610 | 2 | 0 | |a stránky webové |
| 610 | 2 | 0 | |a testy |
| 610 | 2 | 0 | |a metódy |
| 610 | 2 | 0 | |a technika |
| 610 | 2 | 0 | |a technika nová |
| 610 | 2 | 0 | |a používatelia |
| 610 | 2 | 0 | |a spotrebitelia |
| 100 | 1 | |a Formánková, Tereza | |
| 700 | 1 | |a Eger, Ludvík | |